日本プロ野球全チーム本拠地変遷 - Statistics

General Stats
  • This quiz has been taken 305 times
    20 since last reset
  • The average score is 28 of 62
Answer Stats
使用期間 名前 % Correct
1936-1987 後楽園球場
88%
1988-現在 東京ドーム
88%
1976-1996 ナゴヤ球場
88%
2021-現在 バンテリンドーム ナゴヤ
88%
1964-現在 阪神甲子園球場
81%
1997-2020 ナゴヤドーム
81%
1993-2004 福岡ドーム
81%
1964-現在 明治神宮野球場
81%
1997-2005 大阪ドーム
75%
1955-1991 川崎球場
75%
1978-現在 横浜スタジアム
75%
1957-2008 広島市民球場
75%
1998-2004, 2008-2014 西武ドーム
75%
2022-現在 ベルーナドーム
75%
1950, 1984-1996 藤井寺球場
75%
2024-現在 みずほPayPayドーム福岡
75%
2007-現在 京セラドーム大阪
69%
2009-現在 MAZDA Zoom-Zoom スタジアム広島
69%
1936-1963 甲子園球場
63%
1950-1988 大阪球場
63%
2004-2022 札幌ドーム
63%
1992-2010 千葉マリンスタジアム
63%
2023-2025 楽天モバイルパーク宮城
63%
1937-1990 阪急西宮球場
56%
2013-2019 福岡 ヤフオク!ドーム
56%
2017-2021 メットライフドーム
56%
2023-現在 エスコンフィールドHOKKAIDO
56%
2020-2024 福岡PayPayドーム
56%
2016-現在 ZOZOマリンスタジアム
56%
2018-2022 楽天生命パーク宮城
44%
1991-2002 グリーンスタジアム神戸
38%
1950-1978, 1989-1992 平和台野球場
38%
1962-1972 東京スタジアム
38%
2015-2016 西武プリンスドーム
38%
1958-1983 日本生命球場
38%
2008-2010 クリネックススタジアム宮城
38%
2026-現在 楽天モバイル 最強パーク宮城
38%
2003-2004 Yahoo!BBスタジアム
38%
1949-1975 中日球場
31%
1973-1977 宮城球場
31%
2011-2015 QVCマリンフィールド
31%
1952 西京極球場
25%
1953-1961 駒澤野球場
25%
2005-2006 インボイスSEIBUドーム
25%
2005-2012 福岡 Yahoo! JAPANドーム
25%
1936-1940 上井草球場
19%
1936-1940 鳴海球場
19%
1950-1952 下関球場
19%
2005-2007 フルキャストスタジアム宮城
19%
2017 Koboパーク宮城
19%
1936 宝塚球場
13%
1936-1937 洲崎球場
13%
1938 堺大浜球場
13%
1939-1947 中百舌鳥球場
13%
1979-1997 西武ライオンズ球場
13%
2011-2013 日本製紙クリネックススタジアム宮城
13%
2014-2016 楽天Koboスタジアム宮城
13%
2006 スカイマークスタジアム
6%
1949-1951 衣笠球場
6%
1950 春日原球場
6%
2007 グッドウィルドーム
6%
1950-1957 広島総合球場
0%
No matching quizzes found
Score Distribution
Percent of People with Each Score
Percentile by Number Answered
Your Score History
You have not taken this quiz since the last reset